Podróż po świecie #2 - Statystyki

Ogólne statystyki
  • Ten quiz został rozwiązany 48 razy
  • Średni wynik to 14 z 20
Statystyki odpowiedzi
Kierunek Państwo w którym się znajdujesz % Poprawnych
START Polska
100%
Południowy Wschód Ukraina
100%
Wschód Rosja
98%
Południowy Zachód Gruzja
84%
Południowy Zachód Turcja
77%
Południe Syria
74%
Południowy Zachód Egipt
72%
Południowy Zachód Izrael
72%
Południe Sudan
72%
Zachód Czad
65%
Północ Hiszpania
63%
Zachód Maroko
63%
Północny Zachód Algieria
60%
Południowy Wschód Bośnia i Hercegowina
60%
Południowy Wschód Chorwacja
60%
Północny Wschód Francja
60%
Zachód Niger
60%
Wschód Serbia
60%
Wschód Słowenia
60%
Południowy Wschód Włochy
60%
Nie znaleziono quizów pasujących do podanych kryteriów
Rozkład punktacji
Procent ludzi z każdym wynikiem
Percentyl według liczby udzielonych odpowiedzi
Twoja historia wyników
Nie rozwiązałeś tego quizu